000 00948cam a22002531 4500
001 sa 68019594
003 DLC
005 20260227112718.0
008 940601s1966 ii 000 0 eng
010 _asa 68019594
035 _a(OCoLC)30525742
040 _aDLC
_cNcD
_dDLC
042 _apremarc
050 0 0 _aHD9576.I44
_bI54
110 1 _aIndia.
_bParliament.
_bLok Sabha.
_bCommittee on Public Undertakings.
245 1 0 _aIndian Refineries Ltd.
_b(since merged with the Indian Oil Corporation Ltd.) Ministry of Petroleum and Chemicals. Action taken by Government on the recommendations contained in the thirty-fourth report of the Estimates Committee (Third Lok Sabha)
260 _aNew Dehli,
_bLok Sabha Secretariat,
_c1966.
300 _av, 20, 2 p.
_c25 cm.
440 0 _aReport, 3d Lok Sabha,
_v14
500 _aCover title.
500 _aErrata slip included.
500 _a"C. P. U. no. 27."
650 0 _aIndian Refineries, ltd.
999 _c88979
_d88979